[Event "Campeonato España Sub 12"]
[Site "Salobreña"]
[Date "2017.07.14"]
[Round "7"]
[White "Tadevosyan, Aspet"]
[Black "Vara Soler, Luis"]
[Result "1/2-1/2"]
[Board "9"]
[WhiteClock "1:30"]
[WhiteElo "1786"]
[WhiteCountry "ESP"]
[WhiteFideId "24526134"]
[WhiteEloChange "-7"]
[BlackClock "1:30"]
[BlackElo "1489"]
[BlackCountry "ESP"]
[BlackFideId "24560936"]
[BlackEloChange "7"]

1. d4 {[%clk 1:30:00]} Nf6 {[%clk 1:30:00]} 2. c4 {[%clk 1:31:00]} g6 {[%clk
1:31:00]} 3. Nf3 {[%clk 1:31:00]} Bg7 {[%clk 1:31:00]} 4. Nc3 {[%clk 1:32:00]} d6
{[%clk 1:31:00]} 5. e4 {[%clk 1:32:00]} O-O {[%clk 1:32:00]} 6. Be2 {[%clk
1:32:00]} e5 {[%clk 1:32:00]} 7. d5 {[%clk 1:33:00]} a5 {[%clk 1:32:00]} 8. Bg5
{[%clk 1:33:00]} h6 {[%clk 1:33:00]} 9. Be3 {[%clk 1:33:00]} Ng4 {[%clk 1:26:00]}
10. Bd2 {[%clk 1:33:00]} f5 {[%clk 1:25:00]} 11. h3 {[%clk 1:33:00]} Nf6 {[%clk
1:26:00]} 12. exf5 {[%clk 1:34:00]} gxf5 {[%clk 1:26:00]} 13. Qc1 {[%clk
1:34:00]} Kh7 {[%clk 1:26:00]} 14. g4 {[%clk 1:33:00]} Ne4 {[%clk 1:20:00]} 15.
Nxe4 {[%clk 1:30:00]} fxe4 {[%clk 1:20:00]} 16. Qc2 {[%clk 1:30:00]} Qf6 {[%clk
1:18:00]} 17. Qxe4+ {[%clk 1:30:00]} Qg6 {[%clk 1:18:00]} 18. Qxg6+ {[%clk
1:26:00]} Kxg6 {[%clk 1:18:00]} 19. Bd3+ {[%clk 1:26:00]} Kf7 {[%clk 1:18:00]}
20. O-O-O {[%clk 1:24:00]} Ke7 {[%clk 1:19:00]} 21. Be4 {[%clk 1:23:00]} Na6
{[%clk 1:18:00]} 22. Be3 {[%clk 1:22:00]} Bd7 {[%clk 1:16:00]} 23. Nh4 {[%clk
1:21:00]} Rf6 {[%clk 1:09:00]} 24. g5 {[%clk 1:18:00]} hxg5 {[%clk 1:09:00]} 25.
Bxg5 {[%clk 1:17:00]} Bh6 {[%clk 1:09:00]} 26. Bxh6 {[%clk 1:16:00]} Rxh6 {[%clk
1:09:00]} 27. Nf5+ {[%clk 1:09:00]} Bxf5 {[%clk 1:10:00]} 28. Bxf5 {[%clk
1:10:00]} Rf8 {[%clk 1:10:00]} 29. Bg4 {[%clk 1:08:00]} Rxf2 {[%clk 1:10:00]} 30.
Rhf1 {[%clk 1:06:00]} Rhf6 {[%clk 1:10:00]} 31. Rxf2 {[%clk 1:06:00]} Rxf2 {[%clk
1:10:00]} 32. Rd2 {[%clk 1:04:00]} Nc5 {[%clk 1:07:00]} 33. Rxf2 {[%clk 0:59:00]}
Nd3+ {[%clk 1:08:00]} 34. Kd2 {[%clk 0:58:00]} Nxf2 {[%clk 1:08:00]} 35. Bc8
{[%clk 0:56:00]} b6 {[%clk 1:08:00]} 36. Ke2 {[%clk 0:51:00]} Ne4 {[%clk
1:08:00]} 37. Ke3 {[%clk 0:51:00]} Nc5 {[%clk 1:07:00]} 38. Bg4 {[%clk 0:44:00]}
Kf6 {[%clk 1:06:00]} 39. h4 {[%clk 0:45:00]} Kg6 {[%clk 1:06:00]} 40. Bd1 {[%clk
0:44:00]} Kh6 {[%clk 1:05:00]} 41. b3 {[%clk 0:42:00]} Kg6 {[%clk 1:00:00]} 42.
Bf3 {[%clk 0:39:00]} Kh6 {[%clk 0:58:00]} 43. Kd2 {[%clk 0:35:00]} e4 {[%clk
0:56:00]} 44. Bd1 {[%clk 0:33:00]} Kg6 {[%clk 0:56:00]} 45. Ke3 {[%clk 0:34:00]}
Nd3 {[%clk 0:56:00]} 46. a3 {[%clk 0:31:00]} Kh6 {[%clk 0:55:00]} 47. Bg4 {[%clk
0:24:00]} Ne5 {[%clk 0:54:00]} 48. Be2 {[%clk 0:24:00]} Ng6 {[%clk 0:50:00]} 49.
h5 {[%clk 0:24:00]} Ne7 {[%clk 0:50:00]} 50. Kxe4 {[%clk 0:18:30]} Kg5 {[%clk
0:50:00]} 51. Kd3 {[%clk 0:18:06]} Nf5 {[%clk 0:51:00]} 52. b4 {[%clk 0:16:42]}
axb4 {[%clk 0:51:00]} 53. axb4 {[%clk 0:17:07]} Kf4 {[%clk 0:51:00]} 54. Kc3
{[%clk 0:15:54]} Ke3 {[%clk 0:51:00]} 55. Bd3 {[%clk 0:16:02]} Nh6 {[%clk
0:51:00]} 56. Bg6 {[%clk 0:16:16]} Ng8 {[%clk 0:52:00]} 57. Bf7 {[%clk 0:15:09]}
Nh6 {[%clk 0:52:00]} 58. Be6 {[%clk 0:15:35]} Ke4 {[%clk 0:52:00]} 59. c5 {[%clk
0:13:50]} bxc5 {[%clk 0:14:19]} 60. bxc5 {[%clk 0:51:00]} Ke5 {[%clk 0:51:00]}
61. Kc4 {[%clk 0:14:13]} c6 {[%clk 0:10:57]} 62. dxc6 {[%clk 0:49:00]} Kxe6
{[%clk 0:50:00]} 63. c7 {[%clk 0:06:55]} d5+ {[%clk 0:50:00]} 64. Kd3 {[%clk
0:06:26]} Kd7 {[%clk 0:51:00]} 65. Kd4 {[%clk 0:06:36]} Kxc7 {[%clk 0:51:00]} 66.
Kxd5 {[%clk 0:06:36]} Kd7 {[%clk 0:51:00]} 67. Ke5 {[%clk 0:06:36]} Kc6 {[%clk
0:51:00]} 68. Kf6 {[%clk 0:06:36]} Kxc5 {[%clk 0:51:00]} 69. Kg6 {[%clk 0:06:36]}
Ng8 {[%clk 0:51:00]} 70. Kg7 {[%clk 0:06:36]} Ne7 {[%clk 0:51:00]} 71. Kf7 {[%clk
0:06:36]} Nf5 {[%clk 0:51:00]} 72. Kg6 {[%clk 0:06:36]} Ne7+ {[%clk 0:51:00]}
1/2-1/2

[Event "Campeonato España Sub 12"]
[Site "Salobreña"]
[Date "2017.07.14"]
[Round "7"]
[White "Badillo Ramos, Steve"]
[Black "Karunanithi, Bharath"]
[Result "1-0"]
[Board "10"]
[WhiteClock "1:30"]
[WhiteElo "1802"]
[WhiteCountry "ESP"]
[WhiteFideId "24526150"]
[WhiteEloChange "2"]
[BlackClock "1:30"]
[BlackElo "1457"]
[BlackCountry "ESP"]
[BlackFideId "24534790"]
[BlackEloChange "-2"]

1. e4 {[%clk 1:30:00]} c5 {[%clk 1:30:00]} 2. Nf3 {[%clk 1:31:00]} d6 {[%clk
1:31:00]} 3. Bb5+ {[%clk 1:31:00]} Bd7 {[%clk 1:31:00]} 4. Bxd7+ {[%clk 1:32:00]}
Nxd7 {[%clk 1:30:00]} 5. O-O {[%clk 1:31:00]} Ngf6 {[%clk 1:31:00]} 6. Re1 {[%clk
1:32:00]} e6 {[%clk 1:31:00]} 7. b3 {[%clk 1:32:00]} Be7 {[%clk 1:31:00]} 8. Bb2
{[%clk 1:32:00]} O-O {[%clk 1:30:00]} 9. c4 {[%clk 1:32:00]} h6 {[%clk 1:30:00]}
10. Nc3 {[%clk 1:29:00]} a6 {[%clk 1:28:00]} 11. d4 {[%clk 1:25:00]} cxd4 {[%clk
1:23:00]} 12. Qxd4 {[%clk 1:21:00]} Qc7 {[%clk 1:05:00]} 13. Ne2 {[%clk 1:12:00]}
Nc5 {[%clk 1:05:00]} 14. Ng3 {[%clk 1:10:00]} Kh7 {[%clk 0:50:00]} 15. Rad1
{[%clk 1:05:00]} Rad8 {[%clk 0:50:00]} 16. Qc3 {[%clk 1:05:00]} Rg8 {[%clk
0:44:00]} 17. Qc2 {[%clk 1:05:00]} Kh8 {[%clk 0:42:00]} 18. e5 {[%clk 1:03:00]}
dxe5 {[%clk 0:40:00]} 19. Nxe5 {[%clk 1:03:00]} Rgf8 {[%clk 0:35:00]} 20. Rxd8
{[%clk 0:57:00]} Bxd8 {[%clk 0:31:00]} 21. Rd1 {[%clk 0:57:00]} Kg8 {[%clk
0:30:00]} 22. b4 {[%clk 0:52:00]} Ncd7 {[%clk 0:29:00]} 23. Nxd7 {[%clk 0:52:00]}
Nxd7 {[%clk 0:29:00]} 24. Ne4 {[%clk 0:52:00]} Be7 {[%clk 0:27:00]} 25. Rd3
{[%clk 0:27:00]} f5 {[%clk 0:27:00]} 26. Rg3 {[%clk 0:22:00]} e5 {[%clk 0:17:30]}
27. Nc5 {[%clk 0:20:00]} Nxc5 {[%clk 0:15:36]} 28. bxc5 {[%clk 0:20:00]} Bxc5
{[%clk 0:15:43]} 29. Qd2 {[%clk 0:20:00]} Kh7 {[%clk 0:14:27]} 30. Rd3 {[%clk
0:17:51]} Rf6 {[%clk 0:13:12]} 31. Rd5 {[%clk 0:17:10]} Bd6 {[%clk 0:09:01]} 32.
c5 {[%clk 0:16:27]} Bxc5 {[%clk 0:06:42]} 33. Bxe5 {[%clk 0:15:55]} Bb4 {[%clk
0:06:53]} 34. Qd1 {[%clk 0:14:42]} Qc6 {[%clk 0:04:26]} 35. Bxf6 {[%clk 0:14:58]}
Qxf6 {[%clk 0:04:30]} 36. h3 {[%clk 0:15:20]} Qg5 {[%clk 0:04:06]} 37. Qb1 {[%clk
0:15:18]} a5 {[%clk 0:04:19]} 38. Rxf5 {[%clk 0:15:33]} Qg6 {[%clk 0:04:12]} 39.
g4 {[%clk 0:15:37]} b6 {[%clk 0:03:30]} 40. Qc2 {[%clk 0:14:58]} Kg8 {[%clk
0:01:57]} 41. Rf8+ {[%clk 0:14:57]} Kh7 {[%clk 0:02:21]} 42. Rh8+ {[%clk
0:14:57]} 1-0

[Event "Campeonato España Sub 12"]
[Site "Salobreña"]
[Date "2017.07.14"]
[Round "7"]
[White "Aguado Doncel, Pablo Luis"]
[Black "Garrido Diaz, Jose Antonio"]
[Result "0-1"]
[Board "13"]
[WhiteClock "1:30"]
[WhiteElo "1766"]
[WhiteCountry "ESP"]
[WhiteFideId "24538256"]
[WhiteEloChange "-15"]
[BlackClock "1:30"]
[BlackElo "1571"]
[BlackCountry "ESP"]
[BlackFideId "24516252"]
[BlackEloChange "15"]

1. d4 {[%clk 1:30:00]} Nf6 {[%clk 1:30:00]} 2. Nf3 {[%clk 1:31:00]} c5 {[%clk
1:30:00]} 3. d5 {[%clk 1:31:00]} e6 {[%clk 1:29:00]} 4. c4 {[%clk 1:31:00]} b5
{[%clk 1:29:00]} 5. cxb5 {[%clk 1:28:00]} exd5 {[%clk 1:28:00]} 6. Bg5 {[%clk
1:28:00]} Qa5+ {[%clk 1:27:00]} 7. Qd2 {[%clk 1:28:00]} Qxd2+ {[%clk 1:28:00]} 8.
Nbxd2 {[%clk 1:28:00]} Be7 {[%clk 1:27:00]} 9. Rc1 {[%clk 1:27:00]} d6 {[%clk
1:26:00]} 10. e3 {[%clk 1:26:00]} a6 {[%clk 1:25:00]} 11. bxa6 {[%clk 1:25:00]}
Bxa6 {[%clk 1:25:00]} 12. Bxa6 {[%clk 1:25:00]} Nxa6 {[%clk 1:24:00]} 13. a3
{[%clk 1:23:00]} O-O {[%clk 1:23:00]} 14. O-O {[%clk 1:21:00]} Rfb8 {[%clk
1:20:00]} 15. Rb1 {[%clk 1:20:00]} h6 {[%clk 1:19:00]} 16. Bh4 {[%clk 1:20:00]}
Rb7 {[%clk 1:18:00]} 17. Rfc1 {[%clk 1:20:00]} Rab8 {[%clk 1:17:00]} 18. Rc2
{[%clk 1:20:00]} Nc7 {[%clk 1:14:00]} 19. e4 {[%clk 1:15:00]} Nb5 {[%clk
1:06:00]} 20. Ra1 {[%clk 1:13:00]} g5 {[%clk 1:03:00]} 21. Bg3 {[%clk 1:13:00]}
dxe4 {[%clk 1:02:00]} 22. Ne1 {[%clk 1:13:00]} Nd4 {[%clk 1:02:00]} 23. Rc3
{[%clk 1:12:00]} Ne2+ {[%clk 1:02:00]} 0-1

[Event "Campeonato España Sub 12"]
[Site "Salobreña"]
[Date "2017.07.14"]
[Round "7"]
[White "Linan Molina, Daniel"]
[Black "Jimenez Munoz, Nicolas"]
[Result "1/2-1/2"]
[Board "15"]
[WhiteClock "1:30"]
[WhiteElo "1539"]
[WhiteCountry "ESP"]
[WhiteFideId "24539341"]
[WhiteEloChange "5"]
[BlackClock "1:30"]
[BlackElo "1709"]
[BlackCountry "ESP"]
[BlackFideId "32092172"]
[BlackEloChange "-5"]

1. e4 {[%clk 1:30:00]} c5 {[%clk 1:30:00]} 2. Nf3 {[%clk 1:31:00]} d6 {[%clk
1:31:00]} 3. d4 {[%clk 1:31:00]} cxd4 {[%clk 1:31:00]} 4. Qxd4 {[%clk 1:32:00]}
Nc6 {[%clk 1:30:00]} 5. Bb5 {[%clk 1:32:00]} Bd7 {[%clk 1:30:00]} 6. Bxc6 {[%clk
1:33:00]} Bxc6 {[%clk 1:30:00]} 7. Nc3 {[%clk 1:33:00]} h6 {[%clk 1:26:00]} 8.
Be3 {[%clk 1:32:00]} Nf6 {[%clk 1:26:00]} 9. O-O-O {[%clk 1:32:00]} e5 {[%clk
1:23:00]} 10. Qc4 {[%clk 1:22:00]} Qc8 {[%clk 1:20:00]} 11. Rhe1 {[%clk 1:12:00]}
Be7 {[%clk 1:19:00]} 12. Nh4 {[%clk 0:47:00]} Bxe4 {[%clk 1:00:00]} 13. Qxc8+
{[%clk 0:47:00]} Rxc8 {[%clk 1:00:00]} 14. Nxe4 {[%clk 0:47:00]} Nxe4 {[%clk
1:00:00]} 15. Nf5 {[%clk 0:48:00]} g6 {[%clk 0:57:00]} 16. Nxe7 {[%clk 0:44:00]}
Kxe7 {[%clk 0:57:00]} 17. Bxa7 {[%clk 0:44:00]} f5 {[%clk 0:56:00]} 18. f3 {[%clk
0:36:00]} Nf6 {[%clk 0:55:00]} 19. a3 {[%clk 0:29:00]} Rhd8 {[%clk 0:53:00]} 20.
Rd3 {[%clk 0:23:00]} Rd7 {[%clk 0:51:00]} 21. Be3 {[%clk 0:19:50]} g5 {[%clk
0:50:00]} 22. g3 {[%clk 0:12:44]} Kf7 {[%clk 0:47:00]} 23. Rf1 {[%clk 0:09:42]}
Kg6 {[%clk 0:46:00]} 24. Rg1 {[%clk 0:09:36]} Re8 {[%clk 0:44:00]} 25. f4 {[%clk
0:07:01]} e4 {[%clk 0:43:00]} 26. Rd2 {[%clk 0:07:10]} g4 {[%clk 0:42:00]} 27. b3
{[%clk 0:07:06]} b5 {[%clk 0:40:00]} 28. Kb2 {[%clk 0:07:23]} d5 {[%clk 0:40:00]}
29. Rd4 {[%clk 0:07:32]} Rc8 {[%clk 0:38:00]} 30. Rg2 {[%clk 0:07:26]} Rb7 {[%clk
0:37:00]} 31. Rb4 {[%clk 0:07:23]} Rcc7 {[%clk 0:37:00]} 32. Rd2 {[%clk 0:07:17]}
Rd7 {[%clk 0:37:00]} 33. Rbd4 {[%clk 0:07:17]} 1/2-1/2

[Event "Campeonato España Sub 12"]
[Site "Salobreña"]
[Date "2017.07.14"]
[Round "7"]
[White "Canadas Martin, Borja"]
[Black "Gonzalez Manrique, Mario"]
[Result "1/2-1/2"]
[Board "17"]
[WhiteClock "1:30"]
[WhiteElo "1667"]
[WhiteCountry "ESP"]
[WhiteFideId "24538396"]
[WhiteEloChange "-5"]
[BlackClock "1:30"]
[BlackElo "1465"]
[BlackCountry "ESP"]
[BlackFideId "24509078"]
[BlackEloChange "5"]

1. Nf3 {[%clk 1:30:00]} Nf6 {[%clk 1:30:00]} 2. b3 {[%clk 1:30:00]} d6 {[%clk
1:30:00]} 3. Bb2 {[%clk 1:30:00]} e5 {[%clk 1:29:00]} 4. d3 {[%clk 1:30:00]} Nbd7
{[%clk 1:29:00]} 5. Nbd2 {[%clk 1:29:00]} Be7 {[%clk 1:28:00]} 6. g3 {[%clk
1:28:00]} O-O {[%clk 1:26:00]} 7. Bg2 {[%clk 1:28:00]} c6 {[%clk 1:25:00]} 8. O-O
{[%clk 1:28:00]} Re8 {[%clk 1:24:00]} 9. e4 {[%clk 1:27:00]} Bf8 {[%clk 1:23:00]}
10. a4 {[%clk 1:20:00]} a5 {[%clk 1:21:00]} 11. Qe2 {[%clk 1:12:00]} Qc7 {[%clk
1:17:00]} 12. Ne1 {[%clk 0:00:00]} Qd8 {[%clk 1:01:00]} 13. Nef3 {[%clk 0:00:00]}
Qc7 {[%clk 1:01:00]} 14. Ne1 {[%clk 0:00:00]} c5 {[%clk 1:01:00]} 15. Nc4 {[%clk
1:00:00]} Nb6 {[%clk 1:00:00]} 16. h3 {[%clk 0:56:00]} Be6 {[%clk 0:56:00]} 17.
Bc3 {[%clk 0:53:00]} Nxc4 {[%clk 0:56:00]} 18. dxc4 {[%clk 0:53:00]} b6 {[%clk
0:55:00]} 19. Qd2 {[%clk 0:51:00]} Qc6 {[%clk 0:53:00]} 20. f4 {[%clk 0:51:00]}
Qc7 {[%clk 0:51:00]} 21. f5 {[%clk 0:50:00]} Bd7 {[%clk 0:51:00]} 22. Nd3 {[%clk
0:48:00]} Bc6 {[%clk 0:50:00]} 23. Qe2 {[%clk 0:47:00]} Qe7 {[%clk 0:46:00]} 24.
Bd2 {[%clk 0:44:00]} h6 {[%clk 0:45:00]} 25. g4 {[%clk 0:36:00]} Nh7 {[%clk
0:45:00]} 26. Qf2 {[%clk 0:34:00]} Ng5 {[%clk 0:41:00]} 27. Rae1 {[%clk 0:33:00]}
Nh7 {[%clk 0:38:00]} 28. Qg3 {[%clk 0:28:00]} f6 {[%clk 0:38:00]} 29. h4 {[%clk
0:27:00]} Qd8 {[%clk 0:37:00]} 30. Bf3 {[%clk 0:26:00]} Be7 {[%clk 0:36:00]} 31.
Kh1 {[%clk 0:24:00]} Kh8 {[%clk 0:36:00]} 32. Rg1 {[%clk 0:24:00]} Rg8 {[%clk
0:00:00]} 1/2-1/2

[Event "Campeonato España Sub 12"]
[Site "Salobreña"]
[Date "2017.07.14"]
[Round "7"]
[White "Castillo Dalmau, Arnau"]
[Black "Serrano Ruiz, Lope"]
[Result "1-0"]
[Board "18"]
[WhiteClock "1:30"]
[WhiteElo "1650"]
[WhiteCountry "ESP"]
[WhiteFideId "32092725"]
[WhiteEloChange "4"]
[BlackClock "1:30"]
[BlackElo "1400"]
[BlackCountry "ESP"]
[BlackFideId "24548871"]
[BlackEloChange "-4"]

1. e4 {[%clk 1:30:00]} Nf6 {[%clk 1:30:00]} 2. e5 {[%clk 1:30:00]} Nd5 {[%clk
1:31:00]} 3. d4 {[%clk 1:30:00]} d6 {[%clk 1:31:00]} 4. c4 {[%clk 1:30:00]} Nb6
{[%clk 1:31:00]} 5. exd6 {[%clk 1:30:00]} exd6 {[%clk 1:32:00]} 6. Nc3 {[%clk
1:29:00]} Nc6 {[%clk 1:32:00]} 7. Nf3 {[%clk 1:28:00]} Be7 {[%clk 1:32:00]} 8.
Bd3 {[%clk 1:26:00]} Bg4 {[%clk 1:32:00]} 9. Be3 {[%clk 1:24:00]} O-O {[%clk
1:30:00]} 10. h3 {[%clk 1:22:00]} Bh5 {[%clk 1:25:00]} 11. b3 {[%clk 1:18:00]}
Bf6 {[%clk 1:25:00]} 12. g4 {[%clk 1:11:00]} Bg6 {[%clk 1:23:00]} 13. g5 {[%clk
1:11:00]} Be7 {[%clk 1:22:00]} 14. Bxg6 {[%clk 1:10:00]} fxg6 {[%clk 1:23:00]}
15. d5 {[%clk 1:10:00]} Ne5 {[%clk 1:21:00]} 16. Nxe5 {[%clk 1:10:00]} dxe5
{[%clk 1:22:00]} 17. Qg4 {[%clk 1:08:00]} Bb4 {[%clk 1:19:00]} 18. Qe6+ {[%clk
1:02:00]} Kh8 {[%clk 1:19:00]} 19. Qxe5 {[%clk 1:02:00]} Re8 {[%clk 1:19:00]} 20.
Qd4 {[%clk 0:59:00]} Qxg5 {[%clk 1:19:00]} 21. O-O-O {[%clk 0:58:00]} Qf5 {[%clk
1:18:00]} 22. Qd3 {[%clk 0:52:00]} Qe5 {[%clk 1:15:00]} 23. Bd4 {[%clk 0:44:00]}
Qf4+ {[%clk 1:15:00]} 24. Kc2 {[%clk 0:38:00]} Re7 {[%clk 1:12:00]} 25. Rhe1
{[%clk 0:36:00]} Rae8 {[%clk 1:12:00]} 26. Rxe7 {[%clk 0:35:00]} Rxe7 {[%clk
1:12:00]} 27. Rg1 {[%clk 0:25:00]} c5 {[%clk 1:05:00]} 28. dxc6 {[%clk 0:24:00]}
bxc6 {[%clk 1:05:00]} 29. Bxb6 {[%clk 0:24:00]} axb6 {[%clk 1:04:00]} 30. Qd8+
{[%clk 0:24:00]} Re8 {[%clk 1:04:00]} 31. Qxe8+ {[%clk 0:24:00]} Bf8 {[%clk
1:04:00]} 32. Qe3 {[%clk 0:22:00]} Qf5+ {[%clk 1:04:00]} 33. Kb2 {[%clk 0:21:00]}
Qa5 {[%clk 1:03:00]} 34. Rd1 {[%clk 0:19:34]} Ba3+ {[%clk 1:01:00]} 35. Kc2
{[%clk 0:18:45]} Qf5+ {[%clk 1:01:00]} 36. Ne4 {[%clk 0:18:35]} h6 {[%clk
1:01:00]} 37. Qd3 {[%clk 0:16:40]} c5 {[%clk 1:00:00]} 38. Rd2 {[%clk 0:15:01]}
h5 {[%clk 0:55:00]} 39. h4 {[%clk 0:14:33]} Bb4 {[%clk 0:53:00]} 40. Ng5 {[%clk
0:12:31]} Bxd2 {[%clk 0:52:00]} 41. Qxf5 {[%clk 0:12:55]} gxf5 {[%clk 0:52:00]}
42. Kxd2 {[%clk 0:13:21]} g6 {[%clk 0:52:00]} 43. f4 {[%clk 0:12:51]} Kg7 {[%clk
0:52:00]} 44. Kc3 {[%clk 0:13:15]} Kf6 {[%clk 0:52:00]} 45. b4 {[%clk 0:13:15]}
Ke7 {[%clk 0:52:00]} 46. bxc5 {[%clk 0:13:26]} bxc5 {[%clk 0:53:00]} 47. Kb3
{[%clk 0:13:04]} Kd7 {[%clk 0:53:00]} 48. Ka4 {[%clk 0:13:27]} Kc7 {[%clk
0:50:00]} 49. Kb5 {[%clk 0:13:46]} Kd6 {[%clk 0:50:00]} 50. a4 {[%clk 0:14:11]}
Kc7 {[%clk 0:50:00]} 51. Kxc5 {[%clk 0:14:37]} Kb7 {[%clk 0:50:00]} 52. Kd6
{[%clk 0:15:00]} Kc8 {[%clk 0:50:00]} 53. Kc6 {[%clk 0:15:19]} Kd8 {[%clk
0:50:00]} 54. a5 {[%clk 0:15:19]} Kc8 {[%clk 0:51:00]} 55. a6 {[%clk 0:15:31]}
Kb8 {[%clk 0:51:00]} 56. a7+ {[%clk 0:15:07]} Ka8 {[%clk 0:51:00]} 57. Kd7 {[%clk
0:14:55]} Kxa7 {[%clk 0:51:00]} 58. c5 {[%clk 0:15:18]} Kb8 {[%clk 0:51:00]} 59.
c6 {[%clk 0:15:44]} Ka7 {[%clk 0:50:00]} 60. c7 {[%clk 0:15:44]} 1-0

[Event "Campeonato España Sub 12"]
[Site "Salobreña"]
[Date "2017.07.14"]
[Round "7"]
[White "Garcia Molina, Jose"]
[Black "Gutierrez Lupion, Nuria"]
[Result "1-0"]
[Board "19"]
[WhiteClock "1:30"]
[WhiteElo "1657"]
[WhiteCountry "ESP"]
[WhiteFideId "32030592"]
[WhiteEloChange "2"]
[BlackClock "1:30"]
[BlackElo "1309"]
[BlackCountry "ESP"]
[BlackFideId "24516392"]
[BlackEloChange "-2"]

1. d4 {[%clk 1:30:00]} Nf6 {[%clk 1:30:00]} 2. c4 {[%clk 1:31:00]} g6 {[%clk
1:31:00]} 3. f3 {[%clk 1:31:00]} Bg7 {[%clk 1:31:00]} 4. e4 {[%clk 1:31:00]} O-O
{[%clk 1:31:00]} 5. e5 {[%clk 1:29:00]} Ne8 {[%clk 1:28:00]} 6. f4 {[%clk
1:19:00]} d6 {[%clk 1:26:00]} 7. Nc3 {[%clk 1:15:00]} dxe5 {[%clk 1:16:00]} 8.
dxe5 {[%clk 1:16:00]} Qxd1+ {[%clk 1:15:00]} 9. Kxd1 {[%clk 1:16:00]} b6 {[%clk
1:06:00]} 10. Nd5 {[%clk 1:15:00]} Nc6 {[%clk 1:03:00]} 11. b4 {[%clk 1:07:00]}
e6 {[%clk 0:56:00]} 12. b5 {[%clk 1:07:00]} exd5 {[%clk 0:56:00]} 13. bxc6 {[%clk
1:08:00]} Be6 {[%clk 0:55:00]} 14. Ba3 {[%clk 1:08:00]} Nd6 {[%clk 0:50:00]} 15.
Rc1 {[%clk 1:07:00]} Ne4 {[%clk 0:49:00]} 16. Bxf8 {[%clk 1:06:00]} Nf2+ {[%clk
0:49:00]} 17. Ke2 {[%clk 1:06:00]} Nxh1 {[%clk 0:49:00]} 18. Bxg7 {[%clk
1:07:00]} Kxg7 {[%clk 0:49:00]} 19. g3 {[%clk 1:07:00]} dxc4 {[%clk 0:48:00]} 20.
Bg2 {[%clk 1:07:00]} Nxg3+ {[%clk 0:48:00]} 21. hxg3 {[%clk 1:07:00]} Rd8 {[%clk
0:48:00]} 22. Be4 {[%clk 1:03:00]} a5 {[%clk 0:44:00]} 23. Nf3 {[%clk 1:03:00]}
h6 {[%clk 0:42:00]} 24. Ke3 {[%clk 1:03:00]} f5 {[%clk 0:40:00]} 25. exf6+ {[%clk
1:02:00]} Kxf6 {[%clk 0:40:00]} 26. Ne5 {[%clk 1:01:00]} b5 {[%clk 0:00:00]} 27.
Nf3 {[%clk 0:00:00]} Kg7 {[%clk 0:00:00]} 28. Ne5 {[%clk 0:00:00]} Kf6 {[%clk
0:00:00]} 29. a4 {[%clk 0:45:00]} bxa4 {[%clk 0:38:00]} 30. Nxc4 {[%clk 0:44:00]}
Ra8 {[%clk 0:36:00]} 31. Rc3 {[%clk 0:37:00]} Ke7 {[%clk 0:34:00]} 32. Bxg6
{[%clk 0:29:00]} Bd5 {[%clk 0:34:00]} 33. Be4 {[%clk 0:29:00]} Bxe4 {[%clk
0:31:00]} 34. Kxe4 {[%clk 0:30:00]} Ke6 {[%clk 0:31:00]} 35. Ra3 {[%clk 0:30:00]}
Ra6 {[%clk 0:32:00]} 36. Ne5 {[%clk 0:30:00]} Rb6 {[%clk 0:32:00]} 37. Rxa4
{[%clk 0:30:00]} Rb5 {[%clk 0:32:00]} 38. g4 {[%clk 0:28:00]} Kf6 {[%clk
0:32:00]} 39. Nd7+ {[%clk 0:28:00]} Ke6 {[%clk 0:32:00]} 40. f5+ {[%clk 0:28:00]}
Kf7 {[%clk 0:31:00]} 41. Kd4 {[%clk 0:28:00]} Ke7 {[%clk 0:31:00]} 42. Kc4 {[%clk
0:29:00]} Rb1 {[%clk 0:27:00]} 43. Rxa5 {[%clk 0:29:00]} Rg1 {[%clk 0:25:00]} 44.
f6+ {[%clk 0:29:00]} Kf7 {[%clk 0:29:00]} 45. Rf5 {[%clk 0:26:00]} Ke6 {[%clk
0:29:00]} 46. f7 {[%clk 0:26:00]} Rxg4+ {[%clk 0:29:00]} 47. Kc5 {[%clk 0:26:00]}
h5 {[%clk 0:29:00]} 48. Rf6+ {[%clk 0:26:00]} Ke7 {[%clk 0:29:00]} 49. f8Q#
{[%clk 0:26:00]} 1-0

[Event "Campeonato España Sub 12"]
[Site "Salobreña"]
[Date "2017.07.14"]
[Round "7"]
[White "Roldan Marques, Marta"]
[Black "Sanchez Lopez, Jesus"]
[Result "1/2-1/2"]
[Board "20"]
[WhiteClock "1:30"]
[WhiteElo "1498"]
[WhiteCountry "ESP"]
[WhiteFideId "32099436"]
[WhiteEloChange "3"]
[BlackClock "1:30"]
[BlackElo "1606"]
[BlackCountry "ESP"]
[BlackFideId "24500011"]
[BlackEloChange "-3"]

1. e4 {[%clk 1:30:00]} e5 {[%clk 1:30:00]} 2. Nf3 {[%clk 1:31:00]} Nf6 {[%clk
1:31:00]} 3. Nxe5 {[%clk 1:31:00]} d6 {[%clk 1:31:00]} 4. Nf3 {[%clk 1:31:00]}
Nxe4 {[%clk 1:31:00]} 5. d3 {[%clk 1:27:00]} Nf6 {[%clk 1:31:00]} 6. Nc3 {[%clk
1:24:00]} Be7 {[%clk 1:28:00]} 7. Be2 {[%clk 1:21:00]} O-O {[%clk 1:28:00]} 8.
Bf4 {[%clk 1:15:00]} Be6 {[%clk 1:21:00]} 9. O-O {[%clk 1:09:00]} Nc6 {[%clk
1:19:00]} 10. Ne4 {[%clk 1:04:00]} Bf5 {[%clk 1:09:00]} 11. Nxf6+ {[%clk
1:03:00]} Bxf6 {[%clk 1:07:00]} 12. c3 {[%clk 1:03:00]} Re8 {[%clk 0:57:00]} 13.
d4 {[%clk 0:59:00]} Qd7 {[%clk 0:50:00]} 14. h3 {[%clk 0:52:00]} h6 {[%clk
0:46:00]} 15. Bd3 {[%clk 0:46:00]} Re7 {[%clk 0:37:00]} 16. Qc2 {[%clk 0:39:00]}
Bxd3 {[%clk 0:36:00]} 17. Qxd3 {[%clk 0:39:00]} a6 {[%clk 0:25:00]} 18. Rfe1
{[%clk 0:34:00]} Rae8 {[%clk 0:24:00]} 19. Rxe7 {[%clk 0:34:00]} Rxe7 {[%clk
0:24:00]} 20. Qd2 {[%clk 0:32:00]} Re4 {[%clk 0:18:57]} 21. Re1 {[%clk 0:29:00]}
Qf5 {[%clk 0:16:48]} 22. Rxe4 {[%clk 0:21:00]} Qxe4 {[%clk 0:17:03]} 23. b3
{[%clk 0:21:00]} Kf8 {[%clk 0:12:03]} 24. Bg3 {[%clk 0:15:53]} Ke7 {[%clk
0:06:21]} 25. Qe3 {[%clk 0:14:47]} Qxe3 {[%clk 0:06:28]} 26. fxe3 {[%clk
0:15:13]} Kd7 {[%clk 0:05:59]} 27. Kf2 {[%clk 0:15:12]} Na7 {[%clk 0:04:59]} 28.
Ke2 {[%clk 0:15:07]} Nc6 {[%clk 0:04:51]} 29. Kd3 {[%clk 0:14:09]} Ne7 {[%clk
0:04:03]} 30. e4 {[%clk 0:12:39]} Nc6 {[%clk 0:04:05]} 31. Ke3 {[%clk 0:07:21]}
1/2-1/2